MARC

LEADER 00000nam0a2200000 4500
001 61971
005 20231101211958.0
035 |a (RuTPU)RU\TPU\book\65652 
090 |a 61971 
100 |a 20040329d1969 k y0rusy50 ca 
101 0 |a rus 
102 |a RU 
105 |a a z 001zy 
200 1 |a Кристаллизация и физико-химические свойства кристаллических веществ  |f Е. В. Хамский, Е. А. Подозерская, Б. М. Фрейдин и др.  |g Академия Наук СССР, Ордена Ленина Кольский филиал им. С. М. Кирова 
210 |a Ленинград  |c Наука  |d 1969 
215 |a 135 с.  |c ил. 
320 |a Библиогр.: с. 128-133. 
606 1 |a Кристаллизация  |x (кристаллография)  |2 stltpush  |3 (RuTPU)RU\TPU\subj\79323  |9 87913 
610 1 |a физико-химические свойства 
610 1 |a химическая промышленность 
610 1 |a производства 
610 1 |a кристаллическая решетка 
610 1 |a кристаллизация солей 
610 1 |a теория кристаллизации 
675 |a 548.5  |v 3 
701 1 |a Хамский  |b Е. В.  |g Евгений Владимирович 
701 1 |a Подозерская  |b Е. А.  |g Елена Александровна 
701 1 |a Фрейдин  |b Б. М.  |g Борис Михайлович 
701 1 |a Быкова  |b А. Н.  |g Алевтина Николаевна 
701 1 |a Седельникова  |b Н. Д.  |g Наталья Дмитриевна 
712 0 2 |a Академия наук СССР (АН СССР)  |b Кольский филиал  |c (Апатиты)  |2 stltpush  |3 (RuTPU)RU\TPU\col\11519 
801 1 |a RU  |b 63413507  |c 20040329  |g PSBO 
801 2 |a RU  |b 63413507  |c 20200820  |g PSBO 
942 |c BK